| 000 | 00824nam a2200205 a 4500 | ||
|---|---|---|---|
| 001 | 000022097 | ||
| 005 | 20200930011600.0 | ||
| 008 | 100916s1965 nyu 000 0 spa d | ||
| 040 |
_aDO-SdBNP _beng _cBNPHU |
||
| 082 |
_a153.9 _bH921ó |
||
| 100 | 1 |
_aHume, David. _944715 |
|
| 245 | 1 | 0 |
_aOn human nature and the understanding / _cDavid Hume ; edición e introducción Antony Flew. |
| 260 |
_aNew York : _bCollier Books, _c1965. |
||
| 300 |
_a318 p. ; _c18 cm. |
||
| 500 | _a"Siendo el texto completo de una investigación sobre el entendimiento humano, junto con las secciones de un tratado de la naturaleza humana, un resumen de un tratado de la naturaleza humana, y dos documentos biográficos". | ||
| 650 | 4 |
_aInteligencia _92917 |
|
| 650 | 4 |
_aAptitudes _945787 |
|
| 700 | 1 |
_aFlew, Antony, _eed. _945788 |
|
| 049 | _aBNGR | ||
| 999 |
_c21595 _d21595 |
||